Drummers by Picture - Statistics

General Stats
  • This quiz has been taken 387 times
    372 since last reset
  • The average score is 12 of 28
Answer Stats
Picture Answer % Correct
Dave Grohl
91%
Ringo Starr
91%
Lars Ulrich
74%
Phil Collins
70%
Travis Barker
66%
Chad Smith
62%
John Bonham
59%
Neil Peart
59%
Keith Moon
58%
Taylor Hawkins
58%
Meg White
54%
Tommy Lee
54%
Stewart Copeland
49%
Buddy Rich
43%
Ginger Baker
43%
Charlie Watts
35%
Mike Portnoy
35%
Alex Van Halen
33%
Danny Carey
31%
Bill Ward
27%
Jeff Porcaro
27%
Gene Krupa
18%
Carmine Appice
11%
Dave Lombardo
9%
Bernard Purdie
5%
Hal Blaine
5%
Matt Cameron
5%
Clyde Stubblefield
3%
No matching quizzes found
Score Distribution
Percent of People with Each Score
Percentile by Number Answered
Your Score History
You have not taken this quiz since the last reset